| 000 | 00763nam a2200205 i 4500 | ||
|---|---|---|---|
| 001 | 151055 | ||
| 003 | ES-MaACL | ||
| 005 | 20250828000911.0 | ||
| 007 | t| | ||
| 008 | 071203q19501959sp ||||1| spa d | ||
| 100 | 1 |
_aBenito Ruano, Eloy. _927689 |
|
| 245 | 1 | 0 |
_aBalduino II de Constantinopla y la Orden de Santiago _b: un proyecto de defensa del Imperio Latino de Oriente / _cEloy Benito Ruano. |
| 260 |
_aMadrid : _bInstituto "Jerónimo Zurita", C.S.I.C., _c[195-?] |
||
| 300 |
_a26 p., 1 lám. pleg. ; _c25 cm. |
||
| 500 | _aSeparata de: Hispania, nº XLVI. | ||
| 600 | 1 | 4 |
_aBalduino _b, II _cEmperador latino de Constantinopla. _924906 |
| 710 | 2 |
_aInstituto Jerónimo Zurita _95106 |
|
| 852 |
_aES-MaACL _j1950-F-16 _bR.33209 |
||
| 999 |
_c151055 _d151055 |
||